Interfacial fracture response of rubber composites : Fracture response due to presence of the so-called belt cracks at the interface between rubber matrix and steel belts in radial tyres (Record no. 43122)

MARC details
000 -LEADER
fixed length control field 00564nam a2200145Ia 4500
020 ## - INTERNATIONAL STANDARD BOOK NUMBER
ISBN 9783639248340
082 ## - DEWEY DECIMAL CLASSIFICATION NUMBER
Classification number NR:62:678.023
Item number RED
100 ## - MAIN ENTRY--AUTHOR NAME
Personal name Reddy, Hemanjaneya B
245 #0 - TITLE STATEMENT
Title Interfacial fracture response of rubber composites : Fracture response due to presence of the so-called belt cracks at the interface between rubber matrix and steel belts in radial tyres
260 ## - PUBLICATION, DISTRIBUTION, ETC. (IMPRINT)
Place of publication Germany
Name of publisher VDM Verlag Dr.Muller Aktiengesellschaft & Co. K G
650 ## - SUBJECT ADDED ENTRY--TOPICAL TERM
Topical Term Fracture mechanics
650 ## - SUBJECT ADDED ENTRY--TOPICAL TERM
Topical Term Tyres
942 ## - ADDED ENTRY ELEMENTS (KOHA)
Koha item type Books
Holdings
Withdrawn status Lost status Damaged status Not for loan Home library Current library Date acquired Full call number Accession Number Koha item type
        RRII Library RRII Library 16/12/2021 NR:62:678.023 RED 23388 Books